Normal view
MARC view
Entry Topical Term
001 - CONTROL NUMBER
- control field: 17941
003 - CONTROL NUMBER IDENTIFIER
- control field: BD-RjUL
005 - DATE AND TIME OF LATEST TRANSACTION
- control field: 20260401102357.0
008 - FIXED-LENGTH DATA ELEMENTS
- fixed length control field: 260401|| aca||aabn | a|a d
040 ## - CATALOGING SOURCE
- Original cataloging agency: BD-RjUL
- Transcribing agency: BD-RjUL
150 ## - HEADING--TOPICAL TERM
- Topical term or geographic name entry element: সাহিত্য
- Form subdivision: ধর্ম
670 ## - SOURCE DATA FOUND
- Source citation: Work cat.: (BD-RjUL)86284: আহমদ, জুনাইদ, গবেষক 17940, আহমদ আমীন-এর সাহিত্যে ধর্মদর্শন /, ২০২৪